Parteivorsitzende der CDU - Statistiken

Allgemein
  • Dieses Quiz wurde 717 mal gespielt
    633 seit der letzten Aktualisierung
  • Das Durchschnittsergebnis liegt bei 8 aus 10
Antwortstatistiken
Von Bis Antwort % Korrekt
1946 1966 Konrad Adenauer
98%
2000 2018 Angela Merkel
94%
2022 Heute Friedrich Merz
91%
1973 1998 Helmut Kohl
89%
2021 2022 Armin Laschet
85%
1966 1967 Ludwig Erhard
84%
2018 2021 Annegret Kramp-Karrenbauer
78%
1967 1971 Kurt Georg Kiesinger
78%
1998 2000 Wolfgang Schäuble
59%
1971 1973 Rainer Barzel
49%
Keine übereinstimmenden Quizze gefunden
Verteilung der Resultate
Anzahl Personen mit jedem Resultat
Perzentil nach korrekt beantworteten Fragen
Ihre Resultats-Entwicklung
Sie haben dieses Quiz seit der letzten Aktualisierung nicht gespielt